000 00737nam a2200217Ii 4500
003 JO-AjNU
008 230605s9999||||xx |||||||||||||| ||und||
017 _a2009/4/1085
020 _a978-9957-19-038-5
040 _aJO-AjNU
_bara
_erda
_cJO-AjNU
041 _aara
050 1 4 _aDS154.52.M84.A45 2010
100 3 _aتقديم مبيضين، مهند,
_eauthor
_946222
245 0 0 _aعلي محافظة مؤرخا ومفكرا
264 3 1 _aعمان: مؤسسة عبد الحميد شومان، 2010
300 _a352ص
336 _atext
_btxt
_2rdacontent
337 _aunmediated
_bn
_2rdamedia
338 _avolume
_bnc
_2rdacarrier
650 4 _aالمؤرخون الاردنيون -تراجم -علي محافظة 1938
_946223
999 _aA20092
_c23660
_d23660